00609 a2200181 4500003000500000005001700005040000900022082001000031100003400041245014200075260003600217300000900253650001600262651001900278942000800297999001900305952010300324Nust20170207171856.0 cNust a005.1 aTipu, Rija Fida Ullah BESE-18 aFrom Thinking To Text-Alphabet Recognition Through Brain waves (Hard / Soft-copy)cRija Fida Ullah Tipu, Hashim Ehsaan Bandesha, Saqlain  aMCS, NUSTbRawalpindicMay 2016 a93 p aUG Projects aUG CSE Project cPRG c219390d219390 00102ddc40708NFICaMCSbMCSd2016-12-12l0o005.1 TIPpMCSPCS-299r2016-12-08w2016-12-12yBK